000 01590cam a22001934a 4500
005 20250605164142.0
008 250528s ||||||||||||||||||||||||d
035 _a19016
020 _a9601204571
040 _aGR-AtMCL
_bgre
_dGR-AtMCL
_eAACR2
245 1 _aΠληροφορικά Λογιστικά Συστήματα
260 _bUniversity Studio Press,
_c1995
300 _a500
520 _aΠρόλογος, Πληροφοριακά Συστήματα, Βασικές Έννοιες της Θεωρίας Συστημάτων, Συστήματα Πληροφόρησης, Βασικές Έννοιες της Τεχνολογίας Πληροφόρησης, Ανάπτυξη Συστημάτων, Το Λογιστικό Σύστημα Πληροφόρησης, Η Διάρθρωση του Λογιστικού Συστήματος Πληροφόρησης, Το Εμπορικό Κύκλωμα, Το Κύκλωμα της Γενικής Λογιστικής, Το Υποσύστημα τηε Διοικητικής Λογιστικής, Λογιστικό Σύστημα Πληροφόρησης Βασισμένο στους Μικροϋπολογιστες, Μηχανογραφική Τήρηση Βιβλίων και Έκδοση Στοιχείων, Το Πρόγραμαμ Eurofasma, Εμπορική Διαχείριση, Γενική Λογιστική, Αναλυτική Λογιστική Εκμετάλευσης, Βιβλιογραφία.
700 1 _aΣτεφάνου Κωνσταντίνου Ι
_95296
942 _cBK
999 _c4305
_d4305